Piłkarze Miedzi Legnica - nagła śmierć - Statystyki

Ogólne statystyki
  • Ten quiz został rozwiązany 19 razy
  • Średni wynik to 8 z 20
Answers on the Grid
Answers color-coded by a green-red scale on the quiz's grid according to % correct below.
Bartosz Rymaniak
Bartosz Bida
Jędrzej Grobelny
Mateusz Bochnak
Paweł Strąk
Wojciech Łobodziński
Krzysztof Drzazga
Kacper Smoliński
Łukasz Załuska
Adnan Kovačević
Paweł Brożek
Mateusz Lis
Artur Jędrzejczyk
Kamil Drygas
Marcin Wasilewski
Jakub Łukowski
Grzegorz Fonfara
Kacper Kostorz
Krzysztof Mączyński
Dawid Drachal
Sebastian Mila
Olaf Kobacki
Łukasz Trałka
Patryk Tuszyński
Łukasz Burliga
Dawid Kort
Sebastian Bonecki
Michał Żyro
Adam Chrzanowski
Adam Kokoszka
Maciej Śliwa
Robert Demjan
Chuca
Henrik Ojamaa
Pavol Stano
Maxime Dominguez
Piotr Malarczyk
Bartosz Kwiecień
Bartosz Tarachulski
Dawid Plizga
 
Statystyki odpowiedzi
Odpowiedź % Poprawnych
Dawid Drachal
69%
Kamil Drygas
69%
Adnan Kovačević
62%
Krzysztof Drzazga
62%
Wojciech Łobodziński
62%
Chuca
54%
Maxime Dominguez
54%
Bartosz Bida
46%
Henrik Ojamaa
38%
Maciej Śliwa
38%
Mateusz Bochnak
38%
Olaf Kobacki
38%
Bartosz Kwiecień
31%
Jędrzej Grobelny
31%
Jakub Łukowski
23%
Kacper Kostorz
23%
Adam Chrzanowski
15%
Dawid Kort
15%
Łukasz Załuska
15%
Mateusz Lis
0%
Nie znaleziono quizów pasujących do podanych kryteriów
Rozkład punktacji
Procent ludzi z każdym wynikiem
Percentyl według liczby udzielonych odpowiedzi
Twoja historia wyników
Nie rozwiązałeś tego quizu